000 00445nam a2200205Ia 4500
001 12724
003 GE_BSU
008 181216s||||||||xx |||||||||||||| ||und||
020 _a9781848091900
040 _cGE_BSU
080 _a821.111-312.4
100 _aBlack,Tony
245 _aTruth Lies Bleeding
260 _aLondon
260 _bArrow books
260 _c2011
300 _a374p.20cm.
653 _aTruth Lies Bleeding
942 _cBK
999 _c45895
_d45895